| 000 | 00755nam a2200205Ia 4500 | ||
|---|---|---|---|
| 003 | 0 | ||
| 005 | 20250130084404.0 | ||
| 008 | 150126s9999 xx 000 0 und d | ||
| 050 |
_aPHS HQ 799.15 _b.G948 2014 |
||
| 100 | _aGuido, Gian Carla B. | ||
| 245 |
_aStress management and time management of S.I.S.C. grade 11 students / _cGian Carla B. Guido. |
||
| 260 |
_aLas PiƱas City, Philippines : _bSouthville International School and Colleges, _c2014. |
||
| 300 |
_a53 pages : _billustration ; _c28 cm. |
||
| 504 | _aIncludes bibliographical references. | ||
| 650 | _aStress management in adolescence. | ||
| 650 |
_aTime management _vStudents. |
||
| 650 |
_aHigh school students _vPsychology. |
||
| 650 |
_aStudents _vMental health. |
||
| 942 |
_2lcc _cPASS |
||
| 999 |
_c278688 _d278688 |
||